| 000 | 02338cam a22003255a 4500 | ||
|---|---|---|---|
| 001 | L137905 | ||
| 008 | 070504s2007 xxk f g 000 0 eng d | ||
| 020 | _a9781846610592 | ||
| 035 | _a(Sirsi) u137905 | ||
| 041 | 0 | _aeng | |
| 100 | 1 | _aSydenham, Angela | |
| 245 | 0 | 0 | _aPublic rights of way and access to land |
| 250 | _a3rd ed. | ||
| 260 |
_aBristol _bJordan Publishing Ltd _c2007 |
||
| 300 |
_axlvi, 623p. _c25cm. |
||
| 350 | _a65 | ||
| 505 | 2 | _aDefinitions and classes of public rights of way and analogous rights -- The legal interests and rights of highway authorities, landowners, users and utility companies -- Creation of public rights of way -- Extinguishment and diversion orders -- Recording rights of way -- Confirmation of orders -- Ascertaining public rights of way -- Maintenance of highways -- Interference with public rights of way -- Management, common problems and conservation -- Background to the Countryside and Rights of Way Act 2000 -- Access land -- Rights and obligations of the public -- Rights and obligations of owners and occupiers -- Entry to access land -- Management | |
| 505 | 4 | _aAppendices: Countryside and Rights of Way Act 2000; Highways Act 1980; Wildlife and Countryside Act 1981; Natural Environment and Rural Communities Act 2006; rights of way advice notes; rights of way consistency guidelines | |
| 520 | _aUpdated edition of this text on public rights of way provides a wide overview of all relevant legislation, including recent changes to legislation and pertinent case law. Now includes commentary on the Commons Act 2006, Natural Environment and Rural Communities Act 2006 and also address regulations under the Countryside and Rights of Way Act 2000. Case law covered includes Bakewell Management v Brandwood, Oxfordshire County Council v Oxford City Council and Robinson (the Trap Grounds case). Features explanatory notes and refers in detail to planning notes and guidance. | ||
| 520 | _aSupersedes 2nd edition (ISBN 085308842X). | ||
| 521 | _aAdvanced | ||
| 590 | _aKA | ||
| 650 | 2 | 4 | _aCOUNTRYSIDE AND RIGHTS OF WAY ACT 2000 |
| 650 | 2 | 4 | _aHIGHWAYS ACT 1980 |
| 650 | 2 | 4 | _aNATURAL ENVIRONMENT AND RURAL COMMUNITIES ACT 2006 |
| 650 | 2 | 4 | _aWILDLIFE AND COUNTRYSIDE ACT 1981 |
| 651 | 4 |
_aEngland and Wales _y1543- |
|
| 690 |
_aBoundary disputes _96221 |
||
| 942 | _n0 | ||
| 999 |
_c106927 _d106927 |
||